000 00766nam a2200241Ia 4500
001 dia_4073
003 CHAP
005 20251015160713.0
008 220117s1985 xx 000 0 und d
010 _a174686
040 _cCHAP
_amxchpua
_erda
090 _aFOLLETO 2397
100 _aOsoria Rodríguez, Luis
_984201
245 _aGuía para cultivar soya de riego en la zona central de Tamaulipas /
_c Luis Osoria Rodríguez
260 _aMéxico :
_b INIA, Campo Agrícola Experimental las Adjuntas,
_c1985
300 _a18 p.
500 _aS/c (Folleto para productores, 1)
650 _aSoya
_xCultivo
_9155642
901 _aFOLLETO 2397
902 _aM
905 _a0000001985 mx 0000000000spa00
942 _cFOLL
_2local
999 _c174686
_d174686